000 00522cam a2200229ua 4500
020 _c3.50
041 _aeng
_h
082 _a512
_bPAR/AL
100 _aParameswaran, S .
245 _aAlgebra /
_cS.Parameswaran.
_hTextual Documents
260 _aChennai :
_bS.Viswanathan ,
_c1964.
300 _a266 ; .
365 _a3.50
504 _a
942 _cBK
999 _c9104
_d9104